|
|
|
|
| LEADER |
00000nam a2200000 a 4500 |
| 001 |
UCV1368 |
| 003 |
CL-VaPUC |
| 008 |
900427e19880000AG |||||||||||||||||spa|d |
| 082 |
0 |
4 |
|a 341.77
|b OLI
|2 21
|
| 100 |
|
|
|a Oliveros, Martha N.
|e autora
|9 295616
|
| 245 |
1 |
3 |
|a El terrorismo y la responsabilidad internacional del estado
|
| 300 |
|
|
|a 171 p
|
| 942 |
|
|
|c BK
|
| 945 |
|
|
|d 19900427 00:00:00
|
| 260 |
|
|
|a Buenos Aires
|b Depalma
|c 1988
|
| 650 |
|
0 |
|a Terrorismo
|9 255070
|
| 583 |
|
|
|a last modification
|c 19900427 00:00:00
|k Rodrigo Vera
|
| 999 |
|
|
|c 209344
|d 209342
|
| 952 |
|
|
|0 0
|1 0
|4 0
|6 341_770000000000000_OLI_1988
|7 0
|8 X
|9 184688
|a BIBDER
|b BIBDER
|d 2019-11-14
|i 2519976
|l 1
|m 2
|o 341.77 OLI 1988
|p 2519976
|q 2025-12-31
|r 2020-03-18
|s 2020-03-18
|w 2019-11-14
|y BK_X
|k DER
|